000 00363nam a2200145Ia 4500
005 20251222152036.0
008 251222s9999||||xx |||||||||||||| ||spa||
020 _a9786123022563
082 _a001.42/Q74
100 _aQuiroz Laguna, Libba Hipélita
245 0 _aMetodologia del Estudio Universitario
250 _a1ra.ed.
264 _bCarocci
942 _cLIB
999 _c25840
_d25840